00541 2200217 4500001002100000005001700021008004100038020001700079035002400096082001000120090001800130245003600148250001200184260002800196300002300224650002700247850001500274980001300289985000600302999001500308YOGYA-0209000004042120090227025645.0 ind  a058-229893-8 0010-020900000040421 a420.3 a420.3bLonlR aLONGMAN active study dictionary a6 th.ed aNew YorkbLongmanc1999 axx, 807 hlmc20 cm aBahasa Inggris - Kamus aYOPDYOG(B) a11-12-07 a1 a07B0032376